Μαθήματα στοχαστικών διαδικασιών
Saved in:
| Main Author: | |
|---|---|
| Format: | Book |
| Language: | Greek |
| Published: |
Αθήνα :
Σταμούλης,
1991
|
| Subjects: | |
| Tags: |
Add Tag
No Tags, Be the first to tag this record!
|
MARC
| LEADER | 00000cam a2200000 i 4500 | ||
|---|---|---|---|
| 001 | 1/18995 | ||
| 008 | 010327s1991 gre d | ||
| 035 | |l 10066692 | ||
| 040 | |a GR-MY-UA |b gre |e aacr | ||
| 041 | 0 | |a gre | |
| 082 | 0 | |a 519.233 | |
| 100 | 1 | |a Αρτίκης, Θεόδωρος Π. | |
| 245 | 1 | 0 | |a Μαθήματα στοχαστικών διαδικασιών / |c Θεόδωρος Π. Αρτίκης |
| 260 | |a Αθήνα : |b Σταμούλης, |c 1991 | ||
| 300 | |a 184 σ. | ||
| 500 | |a τεύχος 3: ομογενείς αλυσίδες markov συνεχούς παραμέτρου | ||
| 504 | |a Περιλαμβάνει βιβλιογραφία | ||
| 505 | 0 | |a τομ. 1 : Ομογενείς αλυσίδες Μarkov διακριτής παραμέτρου. - τομ . 2 : Aνανεωτικές κατανομές. Ανανεωτικές διαδικασίες παραμέτρου. Χρηματοοικοννομικές εφαρμογές ανανεωτικών διαδικασιών | |
| 650 | 0 | 0 | |a Stochastic processes. |
| 650 | 0 | 0 | |a Markov processes. |
| 650 | 0 | 0 | |a Random variables. |
| 650 | 0 | 0 | |a Probabilities. |
| 740 | 0 | 2 | |a Ομογενείς αλυσίδες Μarkov διακριτής παραμέτρου |
| 740 | 0 | 2 | |a Aνανεωτικές κατανομές. Ανανεωτικές διαδικασίες συνεχούς παραμέτρου. Χρηματοοικονομικές εφαρμογές ανανεωτικών διαδικασιών |
| 740 | 0 | 2 | |a Ομογενείς αλυσίδες Μarcov συνεχούς παραμέτρου |
| 852 | |a INST |b CHIOS |e 20010327 |h 519.233 ΑΡΤ |p 005200016694 |q 005200016694 |t BK |y 0 | ||
| 852 | |a INST |b CHIOS |e 20080204 |h 519.233 ΑΡΤ |p 005200027822 |q 005200027822 |t BK |y 0 | ||
| 852 | |a INST |b CHIOS |e 20080204 |h 519.233 ΑΡΤ |p 005200027823 |q 005200027823 |t BK |y 0 | ||
| 852 | |a INST |b CHIOS |e 20080204 |h 519.233 ΑΡΤ |p 005200027824 |q 005200027824 |t BK |y 0 | ||
| 901 | |a BIBL2-2001-1 | ||
| 901 | |a BIBL2-2008-1 | ||
| 909 | |a Χ |b 083138 | ||
| 909 | |a X |b 144454 | ||
| 909 | |a X |b 144455 | ||
| 909 | |a X |b 144456 | ||
| 922 | |a 2ΕΛΗ |b 200801 |c ΕΠΕΑΕΚ2/ΤΜΟΔ |d Σ. ΠΑΤΑΚΗΣ | ||
| 970 | |a ΣΑΛΑΜΟΥΡΑ |b ΜΑΡΙΑ |z 2001/03/27 | ||